দেশভাগ, সাম্প্রদায়িকতা এবং সম্প্রীতির সাধনা / (Record no. 38973)
[ view plain ]
| 000 -LEADER | |
|---|---|
| fixed length control field | 00990nam a22002297a 4500 |
| 001 - CONTROL NUMBER | |
| control field | 38973 |
| 003 - CONTROL NUMBER IDENTIFIER | |
| rucl marc code | BD-RjUL |
| 005 - DATE AND TIME OF LATEST TRANSACTION | |
| control field | 20211209052907.0 |
| 008 - FIXED-LENGTH DATA ELEMENTS--GENERAL INFORMATION | |
| fixed length control field | 160324r20122009bg ||| |||| 00| 0 beben |
| 020 ## - INTERNATIONAL STANDARD BOOK NUMBER | |
| International Standard Book Number | 9789845060790 |
| Terms of availability | : Tk. 250.00 |
| 035 ## - SYSTEM CONTROL NUMBER | |
| System control number | (BD-RjUL)39083 |
| 040 ## - CATALOGING SOURCE | |
| Original cataloging agency | BD-RjUL |
| Language of cataloging | ben |
| Transcribing agency | BD-RjUL |
| 041 ## - LANGUAGE CODE | |
| Language code of text/sound track or separate title | ben |
| 082 ## - DEWEY DECIMAL CLASSIFICATION NUMBER | |
| Edition number | 23 |
| Classification number | 954.14 |
| Author mark and year | HOD 2012 |
| 100 ## - MAIN ENTRY--PERSONAL NAME | |
| Personal name | হক, মফিদুল |
| 9 (RLIN) | 120324 |
| 245 ## - TITLE STATEMENT | |
| Title | দেশভাগ, সাম্প্রদায়িকতা এবং সম্প্রীতির সাধনা / |
| Statement of responsibility, etc. | মফিদুল হক |
| 260 ## - PUBLICATION, DISTRIBUTION, ETC. (IMPRINT) | |
| Place of publication, distribution, etc. | ঢাকা : |
| Name of publisher, distributor, etc. | দি ইউনিভার্সিটি প্রেস লিমিটেড, |
| Date of publication, distribution, etc. | ২০০৯ [মুদ্রণ ২০১২]. |
| 300 ## - PHYSICAL DESCRIPTION | |
| Pagination | x, ১৪২পৃ.; |
| Size | ২১ সেমি. |
| 650 ## - SUBJECT ADDED ENTRY--TOPICAL TERM | |
| Topical term or geographic name as entry element | বাংলা (ভারত) |
| 9 (RLIN) | 120325 |
| General subdivision | ইতিহাস |
| Chronological subdivision | দেশভাগ-১৯৪৭ |
| Source of heading or term | |
| Topical term or geographic name as entry element | Bangla (India) |
| 9 (RLIN) | 120326 |
| General subdivision | History |
| Chronological subdivision | Paratation-1947 |
| 942 ## - ADDED ENTRY ELEMENTS (KOHA) | |
| Source of classification or shelving scheme | Dewey Decimal Classification |
| Koha item type | Books |
| Lost status | Source of classification or shelving scheme | Damaged status | Not for loan | Collection code | Permanent Location | Current Location | Shelving location | Date acquired | Source of acquisition | Cost, normal purchase price | Total Checkouts | Full call number | Date last seen | Copy number | Koha item type |
|---|---|---|---|---|---|---|---|---|---|---|---|---|---|---|---|
| Dewey Decimal Classification | Not For Loan | Non-fiction | Central Library, University of Rajshahi | Central Library, University of Rajshahi | Reading Room | 23/12/2013 | Prothoma Prokashon, Dhaka. | 250.00 | B 954.14 HOD 2012 | 24/03/2016 | C-1 | Books | |||
| Dewey Decimal Classification | Non-fiction | Central Library, University of Rajshahi | Central Library, University of Rajshahi | 23/12/2013 | Dhaka, Prothoma prokason | 250.00 | B 954.14 HOD 2012 | 17/04/2016 | C-2 | Books |